|
|
|
|
| LEADER |
00000nkmaa2200000 a 4500 |
| 001 |
vtls011728171 |
| 003 |
SK-MaSNL |
| 005 |
20260301094951.0 |
| 007 |
kh ao |
| 008 |
230802n xx | |||0 k|slo |
| 035 |
|
|
|a 698C51F7-074D-4D6E-B9AA-8618E30BF5C3
|
| 035 |
|
|
|a urn:nbn:sk:snk-km43ik5
|
| 035 |
|
|
|a urn:nbn:sk:snk-km00e5m1
|
| 040 |
|
|
|a SNKLA
|b slo
|c SNKLA
|e AACR2
|
| 041 |
0 |
|
|a slo
|
| 245 |
0 |
0 |
|a [Ambrózy, Karol]
|h grafika
|
| 260 |
|
|
|a [S.l.
|b s.n.
|c s.a.]
|
| 300 |
|
|
|a 1 fotografia
|b v hnedom tóne
|c 10 x 7 cm
|
| 520 |
2 |
|
|a Zobrazenie: Podobizeň Karola Ambróziho, brata Júlie Šafárikovej, manželky Pavla Jozefa Šafárika.
|
| 600 |
1 |
7 |
|a Ambrózy, Karol
|2 SNKLA
|9 429589
|
| 655 |
|
7 |
|a portrétne fotografie
|2 SNKLA
|9 305796
|
| 852 |
7 |
|
|a Slovenská národná knižnica v Martine
|b Literárny archív
|
| 958 |
|
|
|a ZO
|
| 958 |
|
|
|a BLA
|
| 999 |
|
|
|c 681821
|d 683751
|
| 952 |
|
|
|a SNKLA
|b SNKLA
|c SNKLA_DEP
|y NEVYP
|7 0
|p 17A1226642
|o snkK 17/55
|i snkLA 2479/1960
|0 0
|1 0
|4 0
|d 2017-12-20
|f 1
|l 0
|r 2026-02-23 20:00:11
|w 2026-02-23
|